000 04322nam0a2200457 4500
001 RU\NLR\BIBL_A\016244362
005 20260406092452.0
010 _a978-5-19-011771-4
_9500
021 _aRU
_b2022-85353
_9КН-П-7546
035 _a(RuMoRGB)011425314
035 _a(NLR Aleph) 016244362
090 _a12807507
_c12807507
100 _a20221221d2022 |||y0rusy50 ca
101 0 _arus
102 _aRU
105 _aah||z||||||z|
181 1 _ai3
_baxxe
182 1 _an
200 1 _a"Трагикомедия исканий" Льва Выготского: опыт реконструкции авторских смыслов
_fВ. С. Собкин
_gМинистерство науки и высшего образования Российской Федерации [и др.]
203 _aТекст
_bвизуальный
_cнепосредственный
210 _aМосква
_cИзд-во Московского университета
_d2022
215 _a102, [1] с.
_cцв. ил., факс.
_d25
300 _aЗагл. корешка: "Трагикомедия исканий" Льва Выготского
300 _aНа 4-й с. обл. авт.: д-р психол. нук, проф., засл. деят. науки Рос. Федерации, акад., лауреат премии Президента Рос. Федерации в обл. образования В. С. Собкин
300 _aНа 3-й с.: к 110-летию рукописи Льва Выготского "Трагикомедия исканий". К 110-летию Психологического института РАО
320 _aБиблиогр.: с. 77-79 (44 назв.)
327 1 _aВ прил. публ. факс. воспроизведение рукописи "Трагикомедия исканий"
330 _aВ книге дан анализ первой рукописи выдающегося психолога XX века Льва Семеновича Выготского, которая сохранилась в семейном архиве Выгодских. Рукопись посвящена его размышлениям по поводу Книги Екклезиаста и датирована 1912 годом. Наиболее вероятно, что 16-летний Выготский писал ее, готовясь к докладу на молодежном философском семинаре в Гомеле. При анализе рукописи особое внимание уделено методам и приемам смыслового понимания, которые использует Выготский при интерпретации Екклезиаста как текста, отражающего изменения ценностных ориентаций в течение жизни. Показано, что уже в первой юношеской работе Выготского затронуты темы и сюжеты, которые будут развиты в его последующих литературно-критических статьях и профессиональных психологических исследованиях. Обосновывается возможность использования подхода Выготского к Екклезиасту для создания проективной методики по изучению динамики смысложизненных ориентаций
516 1 _a"Трагикомедия исканий" Льва Выготского
600 1 _aВыготский
_bЛ. С.
_f1896 - 1934
_gЛев Семенович
_91340492
_3RU\NLR\AUTH\66243789
605 _aБиблия
_iВетхий Завет
_iЕкклесиаст
_xТолкование
_92233663
_3RU\NLR\AUTH\6601572733
675 _a159.9
_v4
686 1 _aЮ91(2)71-730.3
686 1 _aЭ37-210.913
700 1 _aСобкин
_bВ. С.
_f1948-
_gВладимир Самуилович
702 1 _4070
_8rus
_7ca
_aВыготский
_bЛ. С.
_f1896-1934
_gЛев Семенович
_3RU\NLR\auth\7763464
_946393
942 _cBOOK
980 _aNB